Cullen Family Quiz Stats

 Plays Quiz Updated Nov 12, 2018

Support Sporcle.
Go Orange.
Score 0/8 Timer 01:00
4 Plays Today
Date of transformation Name % Correct
1918Edward Cullen
98.5%
1920Alice Cullen
87.7%
1863Jasper Hale
85.9%
2006Bella Cullen
84.5%
1921Esme Cullen
79.7%
1933Rosalie Hale
77%
1663Dr Carlisle Cullen
76.8%
1935Emmett Cullen
73.7%

From the Vault

First Ladies

by CarpeDiem

History 10m
This list will grow by one in just a few days, but until then, see how well you know the women who actually run the country.
Remove Ads.
Support Sporcle.
Get the best of Sporcle when you Go Orange. This ad-free experience offers more features, more stats, and more fun while also helping to support Sporcle. Thank you for becoming a member.

Show Comments

Extras

Top Quizzes Today


Score Distribution

Your Account Isn't Verified!

In order to create a playlist on Sporcle, you need to verify the email address you used during registration. Go to your Sporcle Settings to finish the process.

Report this User

Report this user for behavior that violates our Community Guidelines.

Details: